000 nam a22 7a 4500
999 _c128130
_d128130
008 180910b xxu||||| |||| 00| 0 eng d
020 _a0631233601
050 _aPN56.T68 E18 2003
100 _aEagleton Terry
_934265
245 _aSweet violence: The idea of the tragic
_c/ byTerry Eagleton
260 _aBerlin:
_bBlackwell Publishers,
_c2003.
300 _axvii,328p.;
_c23cm.
650 _aTragic,the, in literature
_942067
650 _aTragedy
_xHistory
_xcriticism
_942068
942 _2lcc
_cMONOGRAPH